Statistics for Name these Josephs

Click here to take the quiz!

General Stats

  • This quiz has been taken 64 times
  • The average score is 8 of 20

Answer Stats

Answer% Correct
Joe Biden
100%
Joseph Stalin
97%
Joseph Goebbels
68%
Joe DiMaggio
67%
Joseph Smith
63%
Joe Jonas
62%
Joseph McCarthy
55%
Joe Pesci
53%
Joe Rogan
53%
Joseph Gordon-Levitt
47%
Joe Montana
35%
Joe Frazier
23%
Joe Exotic
22%
Joey Ramone
22%
Joe Mantegna
17%
Joey Votto
13%
Joseph P Kennedy Sr
13%
Joe Lo Truglio
8%
Joseph Lyons
5%
Joseph Ward
3%

Score Distribution

Percentile by Number Answered

Percent of People with Each Score

Your Score History

You have not taken this quiz